| 000 | 00000nam##2200000za#4500 |
| 001 | 9.575129 |
| 003 | CaOODSP |
| 005 | 20240215150447 |
| 007 | cr ||||||||||| |
| 008 | 150406|2010||||xxc|||||o f|0| 0 eng|d |
| 040 | |aCaOODSP|beng |
| 043 | |an-cn--- |
| 086 | 1 |aPS83-3/226E-PDF |
| 110 | 2 |aCorrectional Service Canada. |
| 245 | 10|aProfile and outcomes of male offenders with ADHD / |h[electronic resource]|c[by] Amelia Usher ... [et al]. |
| 260 | |aOttawa - Ontario : |bCorrectional Service Canada |cNovember 2010. |
| 300 | |a53p.|bfigs., references, tables |
| 490 | 1 |aResearch report|vR-226 |
| 590 | |a12-38-Supp|b2012-09-27 |
| 720 | 1 |aUsher, Amelia |
| 775 | 08|tProfil et résultats des délinquants souffrant de TDAH / |w(CaOODSP)9.604739 |
| 830 | #0|aResearch report (Correctional Service Canada. Research Branch)|vR-226|w(CaOODSP)9.506063 |
| 856 | 40|ahttp://publications.gc.ca|qPDF|s393 KB|uhttps://publications.gc.ca/collections/collection_2012/scc-csc/PS83-3-226-eng.pdf|yR-226 |